Marriage and Progeny/ (Record no. 190654)

MARC details
000 -LEADER
fixed length control field 00656nam a22002057a 4500
005 - DATE AND TIME OF LATEST TRANSACTION
control field 20220802110352.0
010 ## - LCCN (DPL NO)
LC control number ENG-134147
020 ## - INTERNATIONAL STANDARD BOOK NUMBER
International Standard Book Number 9788180481765
Terms of availability 195.00
035 ## - SYSTEM CONTROL NUMBER
System control number EN-117679
037 ## - SOURCE OF ACQUISITION
Source of stock number/acquisition DBAB/PUB
082 ## - DEWEY DECIMAL CLASSIFICATION NUMBER
Classification number 133.5830681
100 ## - MAIN ENTRY--PERSONAL NAME
Personal name Kapil, Rajinder
245 ## - TITLE STATEMENT
Title Marriage and Progeny/
Statement of responsibility, etc Rajinder Kapil, Sunil Suman and Indu Bala Kapil
260 ## - PUBLICATION, DISTRIBUTION, ETC. (IMPRINT)
Place of publication, distribution, etc Chandigarh
Name of publisher, distributor, etc Arun Publishing House Pvt Ltd
Date of publication, distribution, etc 2011
270 ## - ADDRESS
Address SCO 49-51, Sector 17 C
City Chandigarh
Postal code 160017
Electronic mail address arunpublishing@gmail.com
300 ## - PHYSICAL DESCRIPTION
Extent 192p.
Dimensions 21cm(pbk)
700 ## - ADDED ENTRY--PERSONAL NAME
Personal name Suman, Sunil
700 ## - ADDED ENTRY--PERSONAL NAME
Personal name Kapil, Indu Bala
942 ## - ADDED ENTRY ELEMENTS (KOHA)
Source of classification or shelving scheme Dewey Decimal Classification
Item type English Books
Classification part 133.5830681
Call number suffix KAP
Holdings
Withdrawn status Lost status Not for loan Collection code Home library Current library Date acquired Source of acquisition Cost, normal purchase price Full call number Barcode Copy number Cost, replacement price Koha item type
      Non-fiction R.C.Libraries (zls) R.C.Libraries (zls) 02/08/2022 DBAD/PUB 195.00 133.5830681 KAP EN-117679 1 195.00 English Books

© Delhi Public Library
Hit Counter
free hit counter